Magnetism and the chemical bond
Saved in:
| Hovedforfatter: | |
|---|---|
| Format: | Bog |
| Sprog: | engelsk |
| Udgivet: |
Nueva York
Interscience Publishers
1963
|
| Serier: | Interscience Monographs on Chemistry, 1
|
| Fag: | |
| Tags: |
Tilføj Tag
Ingen Tags, Vær først til at tagge denne postø!
|
MARC
| LEADER | 00000nam a2200000 a 4500 | ||
|---|---|---|---|
| 001 | UCO3060 | ||
| 003 | CL-VaPUC | ||
| 008 | 000714e19630000US |||||||||||||||||eng|d | ||
| 082 | 0 | 4 | |a 541.224 |b GOO |2 21 |
| 100 | |a Goodenough, John B |e author |9 446892 | ||
| 245 | 1 | 0 | |a Magnetism and the chemical bond |
| 300 | |a 393 p | ||
| 942 | |c BK | ||
| 945 | |d 20000714 00:00:00 |a vberengu | ||
| 260 | |a Nueva York |b Interscience Publishers |c 1963 | ||
| 650 | 0 | |a Enlaces químicos |9 306789 | |
| 650 | 7 | |a ESTRUCTURA QUIMICA |2 CL-VaPUC |9 319669 | |
| 650 | 0 | |a Magnetismo |9 260336 | |
| 583 | |a last modification |c 20000714 00:00:00 |k Rodrigo Vera | ||
| 490 | 0 | |a Interscience Monographs on Chemistry, 1 | |
| 999 | |c 289534 |d 289532 | ||
| 952 | |0 0 |1 0 |4 0 |6 541_224000000000000_GOO_1963 |7 0 |8 A |9 338058 |a BIBCUR |b BIBCUR |d 2019-11-20 |i 3623874 |o 541.224 GOO 1963 |p 3623874 |r 2025-04-22 |w 2019-11-20 |y BK |k FIS | ||